004980000a22001210004500090001700000245013700017041001400154700003300168100003900201942001300240773010600253999001700359 aASbSeriadas10aNuevas especie y variedad de Pentacalia subgen. Microchaete () de la Sierra Nevada de Santa Marta, Colombia0 aEspañol1 aBueno, Martha Lucía9991081 aDíaz Piedrahita, Santiago995842 cARTICULO1 tRevista de la Academia Colombiana de Ciencias Exactas, Fisicas y Naturales332h80q201-204d1997g21 c14098d14098